La segunda guerra mundial

Guardat en:
Dades bibliogràfiques
Autor principal: Churchill, Winston S (Autor)
Format: Llibre
Idioma:espanyol
Publicat: Buenos Aires Peuser 1965
Edició:8a. ed
Matèries:
Etiquetes: Afegir etiqueta
Sense etiquetes, Sigues el primer a etiquetar aquest registre!

MARC

LEADER 00000nam a2200000 a 4500
001 UCP6389
003 CL-VaPUC
008 991022e19650000AG |||||||||||||||||spa|d
082 0 4 |a 940.54  |b CHU  |2 21 
100 0 |a Churchill, Winston S  |e author  |9 342458 
245 1 3 |a La segunda guerra mundial 
250 |a 8a. ed 
300 |a 6 v 
942 |c BK 
945 |d 19991022 00:00:00  |a lriquelm 
260 |a Buenos Aires  |b Peuser  |c 1965 
500 |a v.1: Se cierne la tormenta 
500 |a v.2: Su hora más gloriosa 
500 |a v.3: La gran Alianza 
500 |a v.4: El vuelvo del destino 
500 |a v.5: El cerco de cierra 
500 |a v.6: Triunfo y tragedia 
650 0 |a Segunda Guerra Mundial  |9 325982 
650 7 |a HISTORIA UNIVERSAL SIGLO 20  |2 CL-VaPUC  |9 361893 
651 0 |a Japón   |9 260391 
651 0 |a África  |9 256790 
651 0 |a Italia  |9 254949 
651 7 |a TEHERAN  |2 CL-VaPUC  |9 435501 
583 |a last modification  |c 20160912 03:41:11  |k Rodrigo Vera 
999 |c 283976  |d 283974 
952 |0 0  |1 0  |4 0  |6 940_540000000000000_CHU_1965  |7 0  |8 A  |9 327550  |a BIBHIS  |b BIBHIS  |d 2019-11-20  |h v.4  |i 2835193  |o 940.54 CHU 1965  |p 2835193  |r 2025-01-20  |w 2019-11-20  |y BK  |k HIS 
952 |0 0  |1 0  |4 0  |6 940_540000000000000_CHU_1965  |7 0  |8 A  |9 327551  |a BIBHIS  |b BIBHIS  |d 2019-11-20  |h v.4  |i 3124258  |o 940.54 CHU 1965  |p 3124258  |r 2025-01-20  |w 2019-11-20  |y BK  |k HIS 
952 |0 0  |1 0  |4 0  |6 940_540000000000000_CHU_1965  |7 0  |8 A  |9 327552  |a BIBHIS  |b BIBHIS  |d 2019-11-20  |h v.5  |i 2835207  |o 940.54 CHU 1965  |p 2835207  |r 2025-01-20  |w 2019-11-20  |y BK  |k HIS